| 000 | 00554 a2200157 4500 | ||
|---|---|---|---|
| 005 | 20190813142205.0 | ||
| 008 | 190529b1976 ck ||||| |||| 00| 0 spa d | ||
| 040 |
_aCO-BoUCM _bspa _cJuan Jose Mateus _dJuan Jose Mateus |
||
| 041 | 0 | _aspa | |
| 110 | 2 |
_aFundación para la Nueva Democracia _996614 |
|
| 245 | 1 | 0 |
_aDesarrollo regional _cFundación para la nueva democracia |
| 260 |
_bEditora Guadalupe _c1976 _aBogotá |
||
| 650 | 7 |
_aDesarrollo económico _9438 |
|
| 942 |
_cLIBRO _2DEWEY _a7 _e1 _h338.9861 _mD441e |
||
| 999 |
_c312217 _d312217 |
||